Statistics for Largest African Languages

Click here to take the quiz!

General Stats

  • This quiz has been taken 109 times
    (96 since last reset)
  • The average score is 9 of 16

Answer Stats

MilAnswer% Correct
10Zulu
90%
24Igbo
84%
7.6Xhosa
79%
25Amharic
76%
28Yoruba
75%
34Hausa
70%
15Somali
68%
24Oromo
54%
24Fula
48%
9.8Kinyarwanda
48%
8.8Kirundi
44%
8.3Shona
40%
18Malagasy
33%
12Chewa
31%
11Akan
30%
7.6Mossi
20%

Score Distribution

Percentile by Number Answered

Percent of People with Each Score

Your Score History

You have not taken this quiz since the last reset